000 00673cam a22002413a 4500
001 25299
003 PGUSA
005 20140828083538.0
008 080502s2008||||xxu|||||s|||||000 1 eng d
040 _aPGUSA
_beng
042 _adc
050 4 _aPR
100 1 _aJefferies, Richard,
_d1848-1887
245 1 0 _aWood Magic :
_bA Fable
_h[electronic resource] /
_cRichard Jefferies
260 _bProject Gutenberg,
_c2008
506 _aPublic domain in the USA.
516 _aElectronic text
653 _aAnimals -- Fiction
653 _aCountry life -- Fiction
830 0 _aProject Gutenberg
_v25299
856 4 0 _uhttp://www.gutenberg.org/ebooks/25299
942 _cEB
999 _c254554
_d254554